Statistics for Arsenal 2017/18 Squad

Click here to take the quiz!

General Stats

  • This quiz has been taken 80 times
  • The average score is 19 of 27

Answer Stats

Jersey #NationalityPositionPlayer Name% Correct
7ChileST/LWAlexis Sánchez
97%
8WalesCMAaron Ramsey
96%
9FranceSTAlexandre Lacazette
91%
24SpainRBHéctor Bellerín
89%
11GermanyCAMMesut Özil
89%
12FranceSTOlivier Giroud
87%
29SwitzerlandCDMGranit Xhaka
86%
33Czech Rep.GKPetr Čech
86%
13ColombiaGKDavid Ospina
84%
4GermanyCBPer Mertesacker
81%
6FranceCBLaurent Koscielny
80%
18SpainLBNacho Monreal
77%
17NigeriaLMAlex Iwobi
74%
20GermanyCBShkodran Mustafi
74%
35EgyptCDMMohamed Elneny
73%
19SpainCMSanti Cazorla
73%
14EnglandRMTheo Walcott
73%
31BosniaLBSead Kolašinac
71%
10EnglandCMJack Wilshere
70%
23EnglandSTDanny Welbeck
60%
2FranceRBMathieu Debuchy
57%
16EnglandCBRob Holding
53%
34FranceCDMFrancis Coquelin
51%
21EnglandRBCalum Chambers
49%
30EnglandRMAinsley Maitland-Niles
27%
32EnglandSTChuba Akpom
23%
22FranceCMJeff Reine-Adélaïde
17%

Score Distribution

Percentile by Number Answered

Percent of People with Each Score

Your Score History

You have not taken this quiz